Az önkormányzat és a társadalombiztosítási rendszer Magyarországon
Elmentve itt :
| Szerző: | |
|---|---|
| További közreműködők: | |
| Dokumentumtípus: | Szakdolgozat |
| Megjelent: |
1996
|
| Tárgyszavak: | |
| Online Access: | http://diploma.bibl.u-szeged.hu/23650 |
| LEADER | 00569nta a2200157 i 4500 | ||
|---|---|---|---|
| 001 | dipl23650 | ||
| 005 | 20130314082136.0 | ||
| 008 | 110915s1996 hu om 0|| zxx d | ||
| 040 | |a SZTE Diploma Repozitórium |b hun | ||
| 041 | |a zxx | ||
| 100 | 1 | |a Dani Csaba | |
| 245 | 1 | 3 | |a Az önkormányzat és a társadalombiztosítási rendszer Magyarországon |h [elektronikus dokumentum] / |c Csaba Dani |
| 260 | |c 1996 | ||
| 650 | 4 | |a Jogi és igazgatási tanulmányok | |
| 700 | 1 | |a Rácz Albert |e ths | |
| 856 | 4 | 0 | |u http://diploma.bibl.u-szeged.hu/id/eprint/23650/1/1996_dani_csaba.pdf |z Dokumentum-elérés |